000 00327pab a2200145 454500
008 180718b1995 xxu||||| |||| 00| 0 eng d
100 _aSahay, S.
245 _aNot CEC's jagir
260 _c1995
300 _ap.12
362 _a11 Jul
650 _aElection officials - India
773 _aHindustan Times
909 _a29866
999 _c29866
_d29866